|
|
|
|
| LEADER |
00000naa a2200000 a 4500 |
| 001 |
vtls010256247 |
| 003 |
SK-MaSNL |
| 005 |
20260302144147.0 |
| 008 |
11030220s2007 xo o |0||||||||0|||b|sl |
| 015 |
|
|
|a SNBRA2008/03
|
| 035 |
|
|
|a SVKKK000088603
|
| 038 |
|
|
|a SVKKK
|
| 040 |
|
|
|a SVKKK
|b slo
|c SVKKK
|e AACR2
|
| 041 |
0 |
|
|a slo
|b eng
|b slo
|
| 044 |
|
|
|a xo
|c SK
|
| 080 |
|
|
|a 378.6:656.7
|2 1997
|
| 080 |
|
|
|a 656.7
|2 1997
|
| 100 |
1 |
|
|a Bačík, Ján
|4 aut
|9 329511
|
| 245 |
1 |
0 |
|a Rozvoj systému manažérstva kvality Leteckej fakulty TUKE
|c Ján Bačík
|
| 504 |
|
|
|a Bibliogr. odkazy
|
| 546 |
|
|
|a Res. angl., slov.
|
| 610 |
2 |
7 |
|a Technická univerzita v Košiciach.
|b Letecká fakulta
|2 snkbucl
|9 177435
|
| 650 |
0 |
7 |
|a letecká doprava
|x vysokoškolské štúdium
|x manažment kvality
|2 snkbucl
|9 834993
|
| 773 |
0 |
|
|t Aeronautika 07 : medzinárodná vedecká konferencia 24.-25. októbra 2007
|d Košice : Technická univerzita, Letecká fakulta, 2007
|g S. 13-14
|z 9788080738822
|
| 852 |
|
|
|a SVKKK
|b BIB
|
| 958 |
|
|
|a NB
|
| 999 |
|
|
|c 1347741
|d 1349671
|